000 01902nam a2200445 a 4500
999 _c102683
_d102683
003 BLK
005 20240812112408.0
008 180409b bul|||||r ||||||| ||bul||
010 _aKNG00107752000
040 _aBLK
041 _aBUL
_cBUL
080 _aМузика
_b78
_x.071(497.2)(092)(063)
_z78.071(497.2)(092)(063)
080 _aБиографии
_b929
_x(497.2)
_z929(497.2)
139 _aВеселин Стоянов и неговото време
_bС 83
245 1 0 _aВеселин Стоянов и неговото време
_bНац. науч.-теор. конф., Русе, 18-19 апр. 2002 : Сб.
_cсъстав. Мария Дуканова.
257 _aBGR
260 _aРусе
_bСредно у-ще по изкуствата "Проф. В. Стоянов"
_c2002
_fРазград : Гемас
300 _a184 с.
_bс ноти
_c20 см
380 _a7
500 _aКор. опис. - Изд. на Община - Русе.
600 1 4 _aСтоянов, Веселин
_9364049
600 0 _aСтоянов, Веселин Анастасов
_d1902-1969
_9382752
650 4 _aПианисти, български
_9256004
650 4 _aКомпозитори, български
_9241861
650 4 _aМузика, българска
_9241862
651 4 _aБългария
_9241624
653 _aбългарски композитори
653 _aбългарски пианисти
653 _aбългарска музика
653 _aВеселин Стоянов
700 _aДуканова, Мария Николова
_d1957-
_9309308
852 _aЦб 215944
852 _aК 78/С 83 В
856 4 _qpdf
_i0.00
_ldisable
856 4 _qpdf
_i0.00
_ldisable
942 _cKNG
_n0
_01
_s1
944 _aCR
_c26.08.2003
_lГеновева Генчева
_k30560
944 _aED
_c2023-04-28
_l2023-04-28
_kир
999 _d102683